<?xml version="1.0" encoding="UTF-8"?>
<collection xmlns="http://www.loc.gov/MARC21/slim">
    <record>
        <controlfield tag="001">71093</controlfield>
        <controlfield tag="005">20180710165715.0</controlfield>
        <datafield tag="024" ind1="8" ind2=" ">
            <subfield code="2">sideral</subfield>
            <subfield code="a">55449</subfield>
        </datafield>
        <datafield tag="037" ind1=" " ind2=" ">
            <subfield code="a">ART-2004-55449</subfield>
        </datafield>
        <datafield tag="041" ind1=" " ind2=" ">
            <subfield code="a">spa</subfield>
        </datafield>
        <datafield tag="100" ind1=" " ind2=" ">
            <subfield code="0">(orcid)0000-0001-9062-2935</subfield>
            <subfield code="a">Ara Torralba, Juan Carlos</subfield>
            <subfield code="u">Universidad de Zaragoza</subfield>
        </datafield>
        <datafield tag="245" ind1=" " ind2=" ">
            <subfield code="a">Hitos literarios de la Huesca moderna (1893-1912)</subfield>
        </datafield>
        <datafield tag="260" ind1=" " ind2=" ">
            <subfield code="c">2004</subfield>
        </datafield>
        <datafield tag="506" ind1="0" ind2=" ">
            <subfield code="a">Access copy available to the general public</subfield>
            <subfield code="f">Unrestricted</subfield>
        </datafield>
        <datafield tag="520" ind1="3" ind2=" ">
            <subfield code="a">En este artículo se repasa la historia literaria del modernismo oscense. En primer lugar, se acota cronológicamente el campo de estudio para después dar a conocer sumariamente los principales hitos (autores como Manuel Bescós, Pascual Queral, Luis López Allué, Manuel Gilmán, Magdalena Santiago, Antonino de Caso o José María Llanas, obras como La ley del embudo, Alma contemporánea, Epigramas o Abril, revistas como La Campana de Huesca ... ) de esta secuencia que transcurre entre los años 1893 Y19I2.

This essay attemps to sketch the modernist literary history of Huesca. After marking out the field of study c hronologically speaking, I outline the most important events (writers: Manuel Bescós, Pascual Queral, Luis López Allué, Manuel Gilmán, Magdalena Santiago, Antonino de Caso or José María Llanas; books: La ley del embudo, Alma contemporánea, Epigramas or Abril; magazines: La Campana de Hu esca ... ) going by in this sequence ofhistory (1893-1912).</subfield>
        </datafield>
        <datafield tag="540" ind1=" " ind2=" ">
            <subfield code="9">info:eu-repo/semantics/openAccess</subfield>
            <subfield code="a">by</subfield>
            <subfield code="u">http://creativecommons.org/licenses/by/3.0/es/</subfield>
        </datafield>
        <datafield tag="655" ind1=" " ind2="4">
            <subfield code="a">info:eu-repo/semantics/article</subfield>
            <subfield code="v">info:eu-repo/semantics/publishedVersion</subfield>
        </datafield>
        <datafield tag="710" ind1="2" ind2=" ">
            <subfield code="1">3002</subfield>
            <subfield code="2">583</subfield>
            <subfield code="a">Universidad de Zaragoza</subfield>
            <subfield code="b">Dpto. Filología Española</subfield>
            <subfield code="c">Área Literatura Española</subfield>
        </datafield>
        <datafield tag="773" ind1=" " ind2=" ">
            <subfield code="g">114 (2004), 87-114</subfield>
            <subfield code="p">Argensola</subfield>
            <subfield code="t">Argensola</subfield>
            <subfield code="x">0518-4088</subfield>
        </datafield>
        <datafield tag="856" ind1="4" ind2="1">
            <subfield code="u">http://revistas.iea.es/index.php/ARG/article/view/1543/1537</subfield>
            <subfield code="z">Texto completo de la revista</subfield>
        </datafield>
        <datafield tag="856" ind1="4" ind2=" ">
            <subfield code="s">710500</subfield>
            <subfield code="u">http://zaguan.unizar.es/record/71093/files/texto_completo.pdf</subfield>
            <subfield code="y">Versión publicada</subfield>
        </datafield>
        <datafield tag="856" ind1="4" ind2=" ">
            <subfield code="s">7264</subfield>
            <subfield code="u">http://zaguan.unizar.es/record/71093/files/texto_completo.jpg?subformat=icon</subfield>
            <subfield code="x">icon</subfield>
            <subfield code="y">Versión publicada</subfield>
        </datafield>
        <datafield tag="909" ind1="C" ind2="O">
            <subfield code="o">oai:zaguan.unizar.es:71093</subfield>
            <subfield code="p">articulos</subfield>
            <subfield code="p">driver</subfield>
        </datafield>
        <datafield tag="951" ind1=" " ind2=" ">
            <subfield code="a">2018-07-10-15:05:15</subfield>
        </datafield>
        <datafield tag="980" ind1=" " ind2=" ">
            <subfield code="a">ARTICLE</subfield>
        </datafield>
    </record>

    
</collection>